00750 2200229 4500001002100000005001500021007000300036008004100039020002200080035002000102082001400122084002200136100002700158245007600185250000600261260004700267300002900314520010300343650001700446700004000463990001700503INLIS00000000000087820240923022848ta240923 b 0 ind  a978-979-27-8404-6 a0010-0823000042 a363.349 5 a363.349 5 JIE w0 aJi-Eun, Jeon (Penulis)1 aWhy ? bencana alam /cJeon, Ji-Eun; Alih bahasa, Patricia Irina Gunawan a- aJakarta :bPT Elex Media Komputindo,c2010 a159 :bilus. ;c24 cme- aTeks dalam bahasa Indonesia, diterjemahkan dari bahasa Inggris Judul asli: Why? Natural Disasters 4aBencana alam1 aPatricia Irina Gunawan (Penerjemah) a00111/K/2020